000 00281nam a22001217a 4500
082 _a001
_bROB/G
100 _aROBINSON
245 _aGEMS OF WORLD SCIENTISTS
260 _aBANGALORE
_b1ST RANK PUBLICATIONS
_c2006
300 _a224
650 _aGENERAL KNOWLEDGE
_zINDIA
942 _cBK
999 _c1947
_d1947